000 00344 a2200157 4500
001 150102
040 _cEscola São Tomás de Aquino
100 _aMURRAY, Roseana
240 1 0 _aClassificados Poéticos
_lpor
245 1 0 _aClassificados Poéticos
300 _a28
362 0 _a2010
440 1 _aModerna
697 _aPoesia
942 _cBK
999 _c150102
_d150102